Biblioteka Instytutu Północnego w Olsztynie

Skorowidz do dzieł W. I. Lenina / (Rekord nr 27372)

Szczegóły MARC
000 -Nagłówek
fixed length control field 01135cam a2200301 i 4500
001 - Nr kontrolny bibl., która utworzyła rek.
control field zz2007760927
003 - Siglum bibl., której nr kontr. jest w 001
control field NUKAT
005 - Data i czas ostatniej operacji
control field 20260331080847.0
008 - Elementy pola stałej długości
fixed length control field 070115s1961 pl g i |000 0 pol c
035 ## - Systemowy numer kontrolny
systemowy numer kontrolny (OCoLC)749222035
035 ## - Systemowy numer kontrolny
systemowy numer kontrolny (NUKAT)zz2007760927
040 ## - Instytucja sporządzająca opis
Instytucja, która sporządziła opis WR U/PAd
Instytucja, która sporządziła rekord WR U/jm
Instytucja, która zmodyfikowała rekord WR U/jm
-- OLSZT 003/bak
041 1# - Kod nazwy języka dokumentu
Język tekstu pol
Language code of original rus
245 00 - Tytuł właściwy i oznaczenie odpow.
tytuł Skorowidz do dzieł W. I. Lenina /
dod. inf. ze s. tyt./ozn. odpow. [red. odp. Irena Borensztejn].
260 ## - Adres wydawniczy
miejsce wydania, dystrybucji itp. Warszawa :
nazwa wydawcy, dystrybutora itp. "Książka i Wiedza",
data wydania, dystrybucji itp. 1961.
300 ## - Opis fizyczny
objętość i/lub forma materiału VIII, 693, [3] s. :
inne szczegóły opisu fizycznego err. ;
format 21 cm.
336 ## - Content Type
Term Tekst
Code txt
Source rdacontent
337 ## - Media Type
Term Bez urządzenia pośredniczącego
Code n
Source rdamedia
338 ## - Carrier Type
Term Wolumin
Code nc
Source rdacarrier
380 ## - Form of work
Form of work Książki
500 ## - Uwaga ogólna
uwaga ogólna Przekład z czwartego wydania rosyjskiego przygotowanego przez Instytut Marksizmu-Leninizmu przy KC KPZR.
600 17 - Hasło przedmiotowe-nazwa osobowa
nazwa osobowa Lenin, Vladimir Ilʹič
daty biograficzne (1870-1924)
określnik formy słowniki, indeksy.
źródło hasła kaba
9 (RLIN) 39282
650 #7 - Hasło przedmiotowe-nazwa pospolita
nazwa pospolita lub geogr. Marksizm
źródło hasła DBN
9 (RLIN) 39280
655 #7 - Termin określający rodzaj/formę
rodzaj/forma Indeksy
źródło terminu DBN
9 (RLIN) 39283
700 1# - Hasło dodatkowe - nazwa osobowa
nazwa osobowa Borensztejn, Irena.
rodzaj współpracy Red.
9 (RLIN) 39284
710 2# - Hasło dodatkowe - nazwa ciała zbior.
nazwa ciała zbior. lub nazwa geogr. Spółdzielnia Wydawniczo-Handlowa "Książka i Wiedza".
kod rodzaju współpracy pbl
9 (RLIN) 12450
942 ## - ADDED ENTRY ELEMENTS (KOHA)
Source of classification or shelving scheme Dewey Decimal Classification
Koha item type pozycje dostępne na miejscu
Egzemplarze
Status wycofania Status zagubienia Klasyfikacja Status uszkodzenia Ograniczenia użycia Blokada wypożyczeń Kolekcja Lokalizacja macierzysta Lokalizacja bieżąca Data nabycia Numer akcesji Źródło akcesji Nr inwentarzowy il. wypożyczeń Sygnatura Kod kreskowy Date last seen Price effective from Typ egz.
    Dewey Decimal Classification nieuszkodzona bez ograniczeń   książka w magazynie Biblioteka Instytutu Północnego w Olsztynie Biblioteka Instytutu Północnego w Olsztynie 31/03/2026 K-6/1963 kupno 10267/skorowidz   10267/skorowidz IPWK23683 31/03/2026 31/03/2026 pozycje dostępne na miejscu
Biblioteka Instytutu Północnego, ul. Partyzantów 87, 10-402 Olsztyn, email: biblioteka(at)ip.olsztyn.pl